000 00285nam a2200097Ia 4500
001 1139260
005 20250827005301.0
008 250824s9999 xx 000 0 und d
245 0 _aASILI DAĞ IN KAHİNİ •J2 ¨289
_cVLADİMİR TUMANOV
260 _bGÜNIŞIĞI KİTAPLIĞI YAYINLARI
999 _c1139260
_d1139260